[Event "Attica CupT final"]
[Site "Nikea"]
[Date "2023.06.10"]
[Round "1"]
[White "Sidiropoulos, Nikolaos"]
[Black "Kaforos, Dimitrios Alkis"]
[Result "1-0"]
[WhiteElo "2050"]
[BlackElo "2199"]
[PlyCount "69"]
[EventDate "2023.06.10"]
[EventType "team-k.o."]
[EventRounds "2"]
[EventCountry "GRE"]
[SourceTitle "EXT 2024"]
[Source "ChessBase"]
[SourceDate "2023.10.10"]
[SourceVersion "1"]
[SourceVersionDate "2023.10.10"]
[SourceQuality "1"]
[WhiteTeam "Peiraikos OS"]
[BlackTeam "Nikaia Fysiolatris"]
[WhiteTeamCountry "GRE"]
[BlackTeamCountry "GRE"]

1. c4 c6 2. e4 d5 3. cxd5 cxd5 4. exd5 Nf6 5. Qa4+ Nbd7 6. Bc4 g6 7. Nc3 Bg7 8. d3 0-0 9. Nf3 a6 10. Qa3 Nb6 11. Qb3 Nbd7 12. a4 b6 13. 0-0 Bb7 14. Be3 Rc8 15. Rfe1 Nc5 16. Bxc5 Rxc5 17. d4 Rc8 18. Ne5 Qd6 19. Rac1 Rfd8 20. h3 Rc7 21. Nxf7 Kxf7 22. Re6 Qf4 23. Ne2 Qd2 24. d6 exd6 25. Rxd6+ Ke7 26. Re6+ Kd7 27. Rxb6 Bc6 28. Be6+ Ke8 29. Rbxc6 Rxc6 30. Rxc6 Qxe2 31. Bg8 Qe7 32. Bc4 Kf8 33. Re6 Qf7 34. Qb4+ Kg8 35. Rd6 1-0

[Event "Aspropyrgos op-A 1st"]
[Site "Aspropyrgos"]
[Date "2019.09.15"]
[Round "2"]
[White "Nikolaou, Georgios"]
[Black "Kaforos, Dimitrios Alkis"]
[Result "1/2-1/2"]
[WhiteElo "2200"]
[BlackElo "2219"]
[PlyCount "88"]
[EventDate "2019.09.14"]
[EventType "swiss"]
[EventRounds "9"]
[EventCountry "GRE"]
[SourceTitle "CBM 195 Extra"]
[Source "ChessBase"]
[SourceDate "2020.05.31"]
[SourceVersion "1"]
[SourceVersionDate "2020.05.31"]
[SourceQuality "1"]

1. d4 Nf6 2. c4 c5 3. d5 e6 4. Nc3 exd5 5. cxd5 d6 6. e4 g6 7. h3 Bg7 8. Nf3 0-0 9. Bd3 a6 10. a4 Nbd7 11. 0-0 Qc7 12. Re1 Re8 13. Bf4 Nh5 14. Bh2 Ne5 15. Be2 Qe7 16. Nxe5 Bxe5 17. Bxh5 Bxh2+ 18. Kxh2 Qe5+ 19. g3 Qxh5 20. Qxh5 gxh5 21. f4 f6 22. Kg2 Kg7 23. f5 Bd7 24. Kf3 b5 25. a5 Re7 26. Re3 Rae8 27. g4 hxg4+ 28. hxg4 h5 29. Rg1 hxg4+ 30. Kxg4 Kf7 31. Reg3 Rg8+ 32. Kf3 Rxg3+ 33. Rxg3 Re8 34. Rh3 Rg8 35. Ne2 b4 36. Nf4 Rg1 37. Rh7+ Rg7 38. Rh6 Ba4 39. Ng6 c4 40. Ke3 Bc2 41. Rh8 Rg8 42. Rh7+ Rg7 43. Rh8 Rg8 44. Rh7+ Rg7 1/2-1/2

[Event "GRE-chT 43rd"]
[Site "Porto Rio"]
[Date "2015.10.08"]
[Round "1.4"]
[White "Malataras, Gerasimos"]
[Black "Kaforos, Dimitrios Alkis"]
[Result "0-1"]
[WhiteElo "1585"]
[BlackElo "2202"]
[PlyCount "76"]
[EventDate "2015.10.08"]
[EventType "team-swiss"]
[EventRounds "7"]
[EventCountry "GRE"]
[SourceTitle "CBM 168 Extra"]
[Source "ChessBase"]
[SourceDate "2015.10.29"]
[SourceVersion "1"]
[SourceVersionDate "2015.10.29"]
[SourceQuality "1"]
[WhiteTeam "Patron"]
[BlackTeam "Nice Fysiolatris"]
[WhiteTeamCountry "GRE"]
[BlackTeamCountry "GRE"]

1. c4 c6 2. g3 d5 3. cxd5 cxd5 4. Bg2 Nf6 5. d3 Nc6 6. Nf3 Bg4 7. 0-0 e6 8. Bf4 Be7 9. Nc3 0-0 10. Rc1 Rc8 11. Ne5 Bh5 12. d4 Qb6 13. Na4 Qb5 14. f3 Nxe5 15. dxe5 Nd7 16. Qb3 Qxb3 17. axb3 d4 18. Rfd1 b5 19. Rxd4 Rxc1+ 20. Bxc1 Nb8 21. Nc3 Bc5 22. Be3 Bxd4 23. Bxd4 b4 24. Ne4 Nc6 25. e3 Bg6 26. f4 Nxd4 27. exd4 Bxe4 28. Bxe4 Rd8 29. d5 exd5 30. Bf5 g6 31. Bd3 Kf8 32. Kf2 Ke7 33. Ke3 d4+ 34. Kd2 f6 35. e6 Kxe6 36. Bc4+ Kf5 37. Kd3 Kg4 38. Be6+ f5 0-1

[Event "Nikaia op-A 20th"]
[Site "Nikea"]
[Date "2012.08.31"]
[Round "7.8"]
[White "Kaforos, Dimitrios Alkis"]
[Black "Vazelakis, Dimitrios"]
[Result "1-0"]
[WhiteElo "2228"]
[BlackElo "1974"]
[PlyCount "63"]
[EventDate "2012.08.26"]
[EventType "swiss"]
[EventRounds "9"]
[EventCountry "GRE"]
[SourceTitle "EXT 2024"]
[Source "ChessBase"]
[SourceDate "2023.10.10"]
[SourceVersion "1"]
[SourceVersionDate "2023.10.10"]
[SourceQuality "1"]

1. e4 e6 2. d4 d5 3. Nc3 Nf6 4. Bg5 Be7 5. e5 Nfd7 6. Bxe7 Qxe7 7. f4 a6 8. Nf3 c5 9. Qd2 Nc6 10. dxc5 Qxc5 11. Bd3 b5 12. a3 Bb7 13. b4 Qe7 14. 0-0 0-0 15. Rae1 f6 16. exf6 Nxf6 17. Ng5 Nd8 18. Qe3 Qd6 19. Qh3 h6 20. Nxe6 Nxe6 21. Qxe6+ Qxe6 22. Rxe6 Rac8 23. Ne2 Ne4 24. Nd4 Nd2 25. Rd1 Nc4 26. Re7 Rf7 27. Rde1 Nxa3 28. Re8+ Rf8 29. R8e7 Rf7 30. Bg6 Rxe7 31. Rxe7 Ba8 32. Nf5 1-0

[Event "Nikaia op-A 20th"]
[Site "Nikea"]
[Date "2012.08.27"]
[Round "3.9"]
[White "Kaforos, Dimitrios Alkis"]
[Black "Papadimitriou, Loukas"]
[Result "1/2-1/2"]
[WhiteElo "2228"]
[BlackElo "2106"]
[PlyCount "24"]
[EventDate "2012.08.26"]
[EventType "swiss"]
[EventRounds "9"]
[EventCountry "GRE"]
[SourceTitle "EXT 2024"]
[Source "ChessBase"]
[SourceDate "2023.10.10"]
[SourceVersion "1"]
[SourceVersionDate "2023.10.10"]
[SourceQuality "1"]

1. e4 e5 2. Nf3 Nf6 3. Nxe5 Nxe4 4. Qe2 Qe7 5. Qxe4 d6 6. d4 dxe5 7. Qxe5 Qxe5+ 8. dxe5 Bf5 9. c3 Nd7 10. Bf4 0-0-0 11. Bc4 Nxe5 12. Bxe5 Re8 1/2-1/2

[Event "Nikaia op-A 20th"]
[Site "Nikea"]
[Date "2012.08.26"]
[Round "2.10"]
[White "Sidiropoulos, Nikolaos"]
[Black "Kaforos, Dimitrios Alkis"]
[Result "0-1"]
[WhiteElo "1912"]
[BlackElo "2228"]
[PlyCount "156"]
[EventDate "2012.08.26"]
[EventType "swiss"]
[EventRounds "9"]
[EventCountry "GRE"]
[SourceTitle "EXT 2024"]
[Source "ChessBase"]
[SourceDate "2023.10.10"]
[SourceVersion "1"]
[SourceVersionDate "2023.10.10"]
[SourceQuality "1"]

1. e4 c5 2. Nf3 d6 3. d4 cxd4 4. Qxd4 Bd7 5. Bg5 Nc6 6. Qd2 g6 7. Nc3 Bg7 8. Bc4 Nf6 9. 0-0 Rc8 10. Bb3 0-0 11. Rfe1 Bg4 12. Nd4 Qa5 13. Nxc6 bxc6 14. f3 Be6 15. Rad1 Rfd8 16. Kh1 Kf8 17. Qf4 Bxb3 18. axb3 Rd7 19. Qe3 Qb6 20. Qxb6 axb6 21. e5 Ne8 22. Na4 Rb8 23. Bf4 Rbb7 24. e6 fxe6 25. Rxe6 Nc7 26. Re4 Nd5 27. Nc3 Nxf4 28. Rxf4+ Kg8 29. Ra1 Ra7 30. Rfa4 Rxa4 31. Rxa4 Kf7 32. Kg1 d5 33. Ra6 Rc7 34. Kf2 Bd4+ 35. Ke2 e5 36. Kd3 Ke6 37. b4 Kf5 38. b5 Bxc3 39. bxc3 e4+ 40. fxe4+ dxe4+ 41. Kd2 cxb5 42. Rxb6 Rc5 43. Rb7 h5 44. Rg7 g5 45. Rf7+ Kg4 46. Re7 Kf4 47. Rf7+ Rf5 48. Re7 h4 49. Ke2 Rc5 50. Rf7+ Kg4 51. Re7 Rxc3 52. Rxe4+ Kf5 53. Rb4 Rxc2+ 54. Kf1 Rc5 55. Kf2 Ke5 56. g3 hxg3+ 57. Kxg3 Kd5 58. h4 Rc3+ 59. Kf2 Kc5 60. Rg4 gxh4 61. Rxh4 Rc4 62. Rh5+ Kb4 63. Ke3 Rc5 64. Rh4+ Kb3 65. Kd2 b4 66. Rf4 Ka3 67. Rf3+ b3 68. Rf8 Kb2 69. Rd8 Kb1 70. Rb8 b2 71. Rb6 Rc2+ 72. Kd1 Rc7 73. Ra6 Rd7+ 74. Ke2 Rd5 75. Ra7 Kc2 76. Rc7+ Kb3 77. Rb7+ Kc3 78. Rb8 Rd4 0-1

[Event "GRE-chT Div-A 38th"]
[Site "Peristeri"]
[Date "2010.07.06"]
[Round "2"]
[White "Kouvatsos, Filippos"]
[Black "Kaforos, Dimitrios Alkis"]
[Result "1-0"]
[WhiteElo "2144"]
[BlackElo "2214"]
[PlyCount "65"]
[EventDate "2010.07.05"]
[EventType "team-swiss"]
[EventRounds "7"]
[EventCountry "GRE"]
[SourceTitle "CBM 137 Extra"]
[Source "ChessBase"]
[SourceDate "2010.09.01"]
[SourceVersion "1"]
[SourceVersionDate "2010.09.01"]
[SourceQuality "1"]

1. d4 Nf6 2. Nf3 c5 3. d5 e6 4. c4 exd5 5. cxd5 d6 6. e4 g6 7. h3 Bg7 8. Bd3 0-0 9. Nbd2 b5 10. Bxb5 Nxe4 11. 0-0 Nxd2 12. Nxd2 Qb6 13. Ba4 Bd7 14. Nc4 Qa6 15. Bxd7 Nxd7 16. Qc2 Ne5 17. Nxe5 Bxe5 18. a3 Bh2+ 19. Kxh2 Qxf1 20. Rb1 Rfe8 21. Be3 Qb5 22. Qc3 Re5 23. Bh6 f6 24. f4 Rf5 25. Re1 Re8 26. Re6 Rxe6 27. dxe6 d5 28. g4 d4 29. Qf3 Qxb2+ 30. Kg3 Qc3 31. gxf5 Qe1+ 32. Kh2 Qd2+ 33. Qg2 1-0

[Event "GRE-chT Div-A 38th"]
[Site "Peristeri"]
[Date "2010.07.05"]
[Round "1"]
[White "Kaforos, Dimitrios Alkis"]
[Black "Alexakis, Dimitrios"]
[Result "1/2-1/2"]
[WhiteElo "2214"]
[BlackElo "2204"]
[PlyCount "87"]
[EventDate "2010.07.05"]
[EventType "team-swiss"]
[EventRounds "7"]
[EventCountry "GRE"]
[SourceTitle "CBM 137 Extra"]
[Source "ChessBase"]
[SourceDate "2010.09.01"]
[SourceVersion "1"]
[SourceVersionDate "2010.09.01"]
[SourceQuality "1"]

1. Nf3 Nf6 2. d4 e6 3. c4 c5 4. d5 exd5 5. cxd5 d6 6. g3 g6 7. Bg2 Bg7 8. 0-0 0-0 9. Nc3 a6 10. a4 Re8 11. Re1 Nbd7 12. Nd2 Rb8 13. Nc4 Ne5 14. Nxe5 Rxe5 15. Bf4 Re8 16. a5 b5 17. axb6 Rxb6 18. Na4 Rb8 19. Qc2 Ng4 20. h3 Ne5 21. Bd2 f5 22. Bc3 Bd7 23. Kh2 g5 24. b3 Rf8 25. Nb2 Bb5 26. Nc4 f4 27. Nxe5 dxe5 28. g4 Qd6 29. Be4 Qh6 30. Bf5 Rbe8 31. Qe4 Qd6 32. Bxh7+ Kh8 33. Bf5 Rf6 34. e3 f3 35. Rac1 Be2 36. Be6 Rh6 37. Rh1 Rexe6 38. dxe6 Qxe6 39. Ba1 Qd6 40. Rc3 Rxh3+ 41. Kxh3 Qh6+ 42. Kg3 Qxh1 43. Qa8+ Kh7 44. Qe4+ 1/2-1/2

[Event "Attica CupT sf"]
[Site "Athens"]
[Date "2010.05.15"]
[Round "?"]
[White "Kaforos, Dimitrios Alkis"]
[Black "Banikas, Hristos"]
[Result "0-1"]
[WhiteElo "2213"]
[BlackElo "2617"]
[PlyCount "54"]
[EventDate "2010.05.15"]
[EventType "team-match"]
[EventRounds "1"]
[EventCountry "GRE"]
[SourceTitle "CBM 136 Extra"]
[Source "ChessBase"]
[SourceDate "2010.07.02"]
[SourceVersion "2"]
[SourceVersionDate "2010.07.15"]
[SourceQuality "1"]

1. e4 c5 2. Nf3 d6 3. c3 Nf6 4. h3 Nc6 5. d4 cxd4 6. cxd4 Nxe4 7. d5 Qa5+ 8. Nc3 Nxc3 9. bxc3 Ne5 10. Nxe5 Qxc3+ 11. Bd2 Qxe5+ 12. Be2 g6 13. 0-0 Bg7 14. Bb5+ Kf8 15. Qf3 h5 16. Rac1 a6 17. Bd3 Bg4 18. hxg4 hxg4 19. Qg3 Qxg3 20. fxg3 Bd4+ 21. Rf2 Rh5 22. Rc7 Rxd5 23. Bh6+ Kg8 24. Be4 Re5 25. Bxb7 Re1+ 26. Kh2 Bxf2 27. Bxa8 Re5 0-1

[Event "GRE-ch U18"]
[Site "Peristeri"]
[Date "2010.01.08"]
[Round "8"]
[White "Pavlidis, Antonios"]
[Black "Kaforos, Dimitrios Alkis"]
[Result "1-0"]
[WhiteElo "2386"]
[BlackElo "2216"]
[PlyCount "135"]
[EventDate "2010.01.03"]
[EventType "swiss"]
[EventRounds "9"]
[EventCountry "GRE"]
[SourceTitle "CBM 134 Extra"]
[Source "ChessBase"]
[SourceDate "2010.03.03"]
[SourceVersion "1"]
[SourceVersionDate "2010.03.03"]
[SourceQuality "1"]

1. e4 c6 2. d4 d5 3. Nd2 dxe4 4. Nxe4 Bf5 5. Ng3 Bg6 6. h4 h6 7. Nf3 Nf6 8. h5 Bh7 9. Bd3 Bxd3 10. Qxd3 e6 11. Bd2 c5 12. 0-0-0 Nc6 13. Be3 Qa5 14. Kb1 0-0-0 15. Qc4 Qb4 16. Qxb4 cxb4 17. Ne5 Nxe5 18. dxe5 Nd5 19. Bc1 Be7 20. Ne4 Rd7 21. g4 Rhd8 22. Rde1 Rg8 23. f3 Nb6 24. Rhg1 Nc4 25. f4 Rh8 26. b3 Nb6 27. f5 Nd5 28. Bb2 Rhd8 29. f6 Bf8 30. Bc1 g5 31. hxg6 fxg6 32. Rh1 g5 33. Rh3 Kb8 34. Rf1 Nb6 35. Rhh1 Rd5 36. Bb2 Nd7 37. Re1 Nxe5 38. Nxg5 hxg5 39. Bxe5+ Bd6 40. Bxd6+ R5xd6 41. Re5 Rd1+ 42. Rxd1 Rxd1+ 43. Kb2 Rf1 44. Rxe6 Rf4 45. Kc1 Kc7 46. Re7+ Kc6 47. f7 a6 48. Kd2 b6 49. Ke3 b5 50. Re5 Rxf7 51. Rxg5 Rf1 52. Rf5 Rg1 53. g5 Kd6 54. Rf6+ Ke5 55. Rg6 Rg3+ 56. Kd2 Rg2+ 57. Kd3 Rg3+ 58. Kd2 Rg2+ 59. Kc1 Kd4 60. Kb2 a5 61. Rg8 a4 62. bxa4 bxa4 63. g6 Kc4 64. a3 bxa3+ 65. Kxa3 Rg3+ 66. Ka2 Rg2 67. g7 Rxc2+ 68. Kb1 1-0

[Event "GRE-ch U18"]
[Site "Peristeri"]
[Date "2010.01.06"]
[Round "5"]
[White "Kazakos, Emmanouil"]
[Black "Kaforos, Dimitrios Alkis"]
[Result "0-1"]
[WhiteElo "2006"]
[BlackElo "2216"]
[PlyCount "100"]
[EventDate "2010.01.03"]
[EventType "swiss"]
[EventRounds "9"]
[EventCountry "GRE"]
[SourceTitle "CBM 134 Extra"]
[Source "ChessBase"]
[SourceDate "2010.03.03"]
[SourceVersion "1"]
[SourceVersionDate "2010.03.03"]
[SourceQuality "1"]

1. e4 c5 2. Nf3 d6 3. d4 cxd4 4. Nxd4 Nf6 5. Nc3 g6 6. Be3 Bg7 7. f3 0-0 8. Qd2 Nc6 9. g4 Be6 10. 0-0-0 Nxd4 11. Bxd4 Qa5 12. a3 Rfc8 13. h4 h5 14. g5 Nd7 15. Bxg7 Kxg7 16. Bh3 Ne5 17. f4 Nc4 18. Qd4+ Kg8 19. Nd5 Qd8 20. f5 Bd7 21. fxg6 fxg6 22. Nf4 Kh7 23. Qd5 e6 24. Bxe6 Ne3 25. Qxd6 Rxc2+ 26. Kb1 Nxd1 27. Rxd1 Bxe6 28. Qxd8 Rxd8 29. Rxd8 Rc6 30. Re8 Bb3 31. Re7+ Kg8 32. Rxb7 Bc2+ 33. Ka2 Bxe4 34. Rxa7 Rc4 35. Ra6 Kg7 36. Rb6 Rc1 37. a4 Rf1 38. Ne6+ Kf7 39. Nd8+ Kf8 40. Rf6+ Rxf6 41. gxf6 Bd5+ 42. Ka3 g5 43. Kb4 gxh4 44. Kc5 h3 45. Kxd5 h2 46. Ne6+ Kg8 47. Ng5 h1Q+ 48. Kd6 Qg1 49. Ne6 Kf7 50. Ke5 Qe3+ 0-1

[Event "GRE-ch U18"]
[Site "Peristeri"]
[Date "2010.01.05"]
[Round "4"]
[White "Kaforos, Dimitrios Alkis"]
[Black "Malikentzos, Sotirios"]
[Result "1/2-1/2"]
[WhiteElo "2216"]
[BlackElo "2232"]
[PlyCount "108"]
[EventDate "2010.01.03"]
[EventType "swiss"]
[EventRounds "9"]
[EventCountry "GRE"]
[SourceTitle "CBM 134 Extra"]
[Source "ChessBase"]
[SourceDate "2010.03.03"]
[SourceVersion "1"]
[SourceVersionDate "2010.03.03"]
[SourceQuality "1"]

1. e4 c6 2. Ne2 g6 3. d4 d5 4. e5 Bg7 5. Be3 Qb6 6. Qc1 h5 7. c4 dxc4 8. Na3 Qa5+ 9. Nc3 b5 10. Be2 Nh6 11. Naxb5 Bg4 12. Bxg4 Nxg4 13. Na3 c5 14. Nxc4 Qb4 15. Nd2 cxd4 16. Ne2 Nd7 17. Bxd4 Ngxe5 18. 0-0 0-0 19. Qc3 Qb5 20. Nf4 Rfc8 21. Qb3 Qa5 22. Bc3 Qa6 23. Rfe1 Nc5 24. Qd1 Qd6 25. Ne4 Nxe4 26. Rxe4 Rc4 27. Qxd6 exd6 28. Rxc4 Nxc4 29. Bxg7 Kxg7 30. b3 Nb6 31. Rc1 Re8 32. Kf1 Re4 33. g3 g5 34. Nxh5+ Kg6 35. f3 Rd4 36. g4 Rd2 37. Rc6 Nd7 38. Ke1 Rd4 39. Ke2 f5 40. Rc7 fxg4 41. Rxd7 Kxh5 42. Rxa7 gxf3+ 43. Kxf3 Rd2 44. b4 g4+ 45. Ke3 Rb2 46. a3 Kg5 47. Ra5+ Kh4 48. Ra8 Rxh2 49. b5 Rb2 50. a4 g3 51. Rh8+ Kg4 52. Rg8+ Kh4 53. Rg6 Rb3+ 54. Ke2 Rb2+ 1/2-1/2

[Event "Athens Acropolis op-A 24th"]
[Site "Chalkida"]
[Date "2009.08.18"]
[Round "9.36"]
[White "Kaforos, Dimitrios Alkis"]
[Black "Nikolaidis, Konstantinos"]
[Result "1/2-1/2"]
[WhiteElo "2203"]
[BlackElo "2270"]
[PlyCount "119"]
[EventDate "2009.08.10"]
[EventType "swiss"]
[EventRounds "9"]
[EventCountry "GRE"]
[SourceTitle "CBM 131 Extra"]
[Source "ChessBase"]
[SourceDate "2009.09.03"]
[SourceVersion "2"]
[SourceVersionDate "2009.09.16"]
[SourceQuality "1"]

1. e4 c6 2. d4 d5 3. Nc3 dxe4 4. Nxe4 Bf5 5. Ng3 Bg6 6. h4 h6 7. Nf3 Nd7 8. h5 Bh7 9. Bd3 Bxd3 10. Qxd3 e6 11. Bf4 Qa5+ 12. Bd2 Bb4 13. c3 Be7 14. c4 Qc7 15. 0-0-0 Ngf6 16. Ne4 Rd8 17. g3 Nxe4 18. Qxe4 Nf6 19. Qe2 b5 20. cxb5 cxb5+ 21. Kb1 0-0 22. g4 Qc6 23. Rde1 Nxg4 24. Rhg1 f5 25. Ne5 Nxe5 26. Qxe5 Bf6 27. Qxe6+ Qxe6 28. Rxe6 Kh7 29. Bc3 Rf7 30. Rd1 Rd5 31. Re3 Rfd7 32. Kc2 f4 33. Rh3 f3 34. Rxf3 Rxh5 35. a3 Rhd5 36. Rf4 Bg5 37. Rf8 Bf6 38. Kd3 h5 39. Ke4 h4 40. Ra8 Rh5 41. d5 h3 42. Rc8 h2 43. Rh1 Bxc3 44. Rxc3 Rdxd5 45. Rc2 Rde5+ 46. Kf4 Ref5+ 47. Ke4 Re5+ 48. Kf4 Ref5+ 49. Ke4 Rf6 50. f3 Rfh6 51. Kf4 Rh3 52. Kg4 R6h4+ 53. Kg5 Rh6 54. Kg4 a6 55. Rd2 Kg8 56. Rc2 R6h4+ 57. Kg5 Rh5+ 58. Kg4 R5h4+ 59. Kg5 Rh5+ 60. Kg4 1/2-1/2

[Event "Kavala op 18th"]
[Site "Kavala"]
[Date "2009.08.01"]
[Round "1"]
[White "Andriasian, Zaven"]
[Black "Kaforos, Dimitrios Alkis"]
[Result "1-0"]
[WhiteElo "2585"]
[BlackElo "2203"]
[PlyCount "79"]
[EventDate "2009.08.01"]
[EventType "swiss"]
[EventRounds "9"]
[EventCountry "GRE"]
[SourceTitle "CBM 131 Extra"]
[Source "ChessBase"]
[SourceDate "2009.09.03"]
[SourceVersion "2"]
[SourceVersionDate "2009.09.16"]
[SourceQuality "1"]

1. e4 c5 2. Nc3 Nc6 3. Nf3 g6 4. Bb5 Bg7 5. 0-0 d6 6. Bxc6+ bxc6 7. d3 e5 8. Ne1 Ne7 9. f4 0-0 10. fxe5 Bxe5 11. Bh6 Bg7 12. Bxg7 Kxg7 13. Qd2 Rb8 14. b3 f5 15. Nf3 d5 16. exd5 cxd5 17. d4 Qc7 18. Rfe1 Rb6 19. Na4 f4 20. Nxb6 axb6 21. Qc3 Kg8 22. dxc5 bxc5 23. b4 c4 24. Qe5 Qxe5 25. Nxe5 Nf5 26. Kf2 Ne3 27. Rxe3 fxe3+ 28. Kxe3 Kg7 29. b5 Bf5 30. c3 Kf6 31. Kd4 Ke6 32. Rf1 Ra8 33. Rf2 Kd6 34. g4 Bb1 35. Rf6+ Ke7 36. Ra6 Rf8 37. a4 Rf2 38. Kxd5 Rxh2 39. Ra7+ Kf8 40. b6 1-0

[Event "GRE-chT 37th"]
[Site "Kallithea"]
[Date "2009.07.05"]
[Round "3"]
[White "Kaforos, Dimitrios Alkis"]
[Black "Hristodoulou, Panagiotis"]
[Result "0-1"]
[WhiteElo "2203"]
[BlackElo "2125"]
[PlyCount "54"]
[EventDate "2009.07.03"]
[EventType "team-tourn"]
[EventRounds "9"]
[EventCountry "GRE"]
[SourceTitle "CBM 131 Extra"]
[Source "ChessBase"]
[SourceDate "2009.09.03"]
[SourceVersion "2"]
[SourceVersionDate "2009.09.16"]
[SourceQuality "1"]

1. d4 d5 2. c4 c6 3. Nc3 Nf6 4. Nf3 e6 5. Bg5 h6 6. Bxf6 Qxf6 7. e3 Nd7 8. Rc1 g6 9. Bd3 Bg7 10. 0-0 0-0 11. e4 dxc4 12. e5 Qe7 13. Bxc4 c5 14. Ne4 Rd8 15. dxc5 Nxe5 16. Qe2 Nxc4 17. Rxc4 e5 18. Nd6 f5 19. Rb4 b6 20. Nxc8 Raxc8 21. Qc4+ Kh7 22. Qe2 Rxc5 23. Ne1 e4 24. f3 Re5 25. Nc2 Qc5+ 26. Qf2 e3 27. Qh4 e2+ 0-1